00358nam a2200145Ia 4500008004100000041000800041082001200049100002000061245003500081260002700116300000800143365001500151500001500166700003100181230612s9999 xx 000 0 und d aeng a600 WAH aWahegaonkar L D aText Book Of Applied Science I c1991bNirali Prakashan a210 cRs.b65.00 aW. 2003-04 aWahegaonkar L. D. & Others